[Event "Qatar Masters Open 2015"]
[Site "Doha QAT"]
[Date "2015.12.27"]
[Round "7"]
[White "Vitiugov, Nikita"]
[Black "Sasikiran, Krishnan"]
[Result "1-0"]
[WhiteElo "2724"]
[BlackElo "2638"]
[PlyCount "83"]
[EventDate "2015.12.20"]

1. e4 e5 2. Nf3 Nc6 3. Bc4 Bc5 4. d3 Nf6 5. c3 d6 6. Bb3 a6 7. O-O h6 8. Re1
O-O 9. Nbd2 Be6 10. Nf1 Bxb3 11. Qxb3 Re8 12. Be3 Bxe3 13. Nxe3 Qd7 14. h3 Ne7
15. Nh2 c6 16. Nhg4 Nxg4 17. hxg4 d5 18. Rad1 Rad8 19. d4 exd4 20. Rxd4 c5 21.
Rd2 d4 22. cxd4 cxd4 23. Red1 Nc6 24. f3 g6 25. Nd5 Kg7 26. Qb6 Re6 27. Rxd4
Nxd4 28. Qxd4+ f6 29. Nc7 Re7 30. Ne8+ Qxe8 31. Qxd8 Qf7 32. Rd6 g5 33. b3 Re8
34. Qb6 Re7 35. Qd4 Re6 36. Rd7 Re7 37. Rd5 Qe8 38. a4 Qc6 39. Rd6 Qc1+ 40. Kf2
Rf7 41. e5 Qc2+ 42. Kg3 1-0

[Event "Qatar Masters Open 2015"]
[Site "Doha QAT"]
[Date "2015.12.27"]
[Round "7"]
[White "Tomashevsky, Evgeny"]
[Black "Yuffa, Daniil"]
[Result "1-0"]
[WhiteElo "2744"]
[BlackElo "2504"]
[PlyCount "63"]
[EventDate "2015.12.20"]

1. d4 Nf6 2. c4 g6 3. Nc3 Bg7 4. e4 d6 5. Nf3 O-O 6. h3 e5 7. d5 Nh5 8. g3 a5
9. Bg5 Qe8 10. Be2 Na6 11. Nd2 Nc5 12. Be3 f6 13. Bxc5 dxc5 14. Bxh5 gxh5 15.
g4 Qg6 16. f3 Qh6 17. Qe2 hxg4 18. fxg4 Qh4+ 19. Kd1 Bh6 20. Nf3 Qg3 21. Kc2
Qf4 22. Rae1 Rf7 23. Rhf1 Qg3 24. Rf2 Kh8 25. Qf1 Qf4 26. Nh4 Qg5 27. Nf5 Bxf5
28. Rxf5 Qd2+ 29. Kb1 Bf4 30. Rd1 Qh2 31. Ne2 a4 32. Qf3 1-0

[Event "Qatar Masters Open 2015"]
[Site "Doha QAT"]
[Date "2015.12.27"]
[Round "7"]
[White "Bartel, Mateusz"]
[Black "Wei, Yi"]
[Result "1/2-1/2"]
[WhiteElo "2620"]
[BlackElo "2730"]
[PlyCount "89"]
[EventDate "2015.12.20"]

1. d4 Nf6 2. c4 g6 3. Nc3 d5 4. Bg5 Bg7 5. Bxf6 Bxf6 6. cxd5 c5 7. Nf3 cxd4 8.
Nxd4 Qb6 9. Nb3 O-O 10. Qd2 Rd8 11. Rd1 a5 12. Nd4 a4 13. e3 Bg7 14. Be2 e6 15.
Ndb5 Nc6 16. O-O exd5 17. Nxd5 Qc5 18. e4 Be6 19. Rc1 Qf8 20. Nbc7 Rac8 21.
Nxe6 fxe6 22. Bg4 Nd4 23. Rxc8 Rxc8 24. Ne3 h5 25. Bd1 b5 26. f4 a3 27. Kh1
axb2 28. Qxb2 Qc5 29. Qf2 Qc6 30. Bf3 Rf8 31. g3 g5 32. Bg2 Qc3 33. f5 Kh7 34.
Qe1 Qxe1 35. Rxe1 Be5 36. Bf1 exf5 37. Nxf5 b4 38. Nxd4 Bxd4 39. e5 Bc3 40.
Bd3+ Kg7 41. Re4 Rf5 42. Rxb4 Rxe5 43. Rc4 Ba5 44. Kg2 Rd5 45. Be2 1/2-1/2

[Event "Qatar Masters Open 2015"]
[Site "Doha QAT"]
[Date "2015.12.27"]
[Round "7"]
[White "Ipatov, Alexander"]
[Black "Wojtaszek, Radoslaw"]
[Result "1/2-1/2"]
[WhiteElo "2619"]
[BlackElo "2723"]
[PlyCount "45"]
[EventDate "2015.12.20"]

1. d4 Nf6 2. c4 e6 3. Nf3 d5 4. Nc3 Bb4 5. Bg5 dxc4 6. e4 c5 7. Bxc4 cxd4 8.
Nxd4 Bxc3+ 9. bxc3 Qa5 10. Bb5+ Bd7 11. Bxf6 gxf6 12. Bxd7+ Nxd7 13. O-O Qxc3
14. Qa4 O-O 15. Nxe6 Nb6 16. Qd4 Rfc8 17. Rac1 Qxc1 18. Qxf6 fxe6 19. Qxe6+ Kg7
20. Qe7+ Kg8 21. Qe6+ Kf8 22. Qf6+ Kg8 23. Qe6+ 1/2-1/2

[Event "Al Ain Classic Open 2015"]
[Site "Al-Ain UAE"]
[Date "2015.12.27"]
[Round "6"]
[White "Lalith Babu M R"]
[Black "Kryvoruchko, Yuriy"]
[Result "1/2-1/2"]
[WhiteElo "2553"]
[BlackElo "2711"]
[PlyCount "50"]
[EventDate "2015.12.23"]

1. d4 Nf6 2. c4 e6 3. Nf3 b6 4. g3 Bb7 5. Bg2 Be7 6. O-O O-O 7. Re1 d5 8. cxd5
exd5 9. Nc3 Nbd7 10. Bf4 c5 11. dxc5 Nxc5 12. Rc1 Nfe4 13. Be5 Re8 14. Bd4 Ne6
15. a3 Nxd4 16. Nxd4 Rc8 17. Qd3 Bc5 18. e3 Qf6 19. Rf1 Bxd4 20. exd4 Nxc3 21.
Rxc3 Rxc3 22. Qxc3 h5 23. h4 g6 24. Qd3 Kg7 25. Rc1 Re7 1/2-1/2

[Event "Qatar Masters Open 2015"]
[Site "Doha QAT"]
[Date "2015.12.28"]
[Round "8"]
[White "Mamedyarov, Shakhriyar"]
[Black "Carlsen, Magnus"]
[Result "0-1"]
[WhiteElo "2748"]
[BlackElo "2834"]
[PlyCount "50"]
[EventDate "2015.12.20"]

1. d4 Nf6 2. c4 e6 3. Nf3 d5 4. Nc3 Bb4 5. Bg5 h6 6. Bxf6 Qxf6 7. e3 O-O 8. Rc1
dxc4 9. Bxc4 c5 10. O-O cxd4 11. Ne4 Qe7 12. exd4 Rd8 13. Qe2 Nc6 14. Rfd1 Ba5
15. Ng3 Bb6 16. Qe4 Bd7 17. h4 Be8 18. a3 Rd6 19. Qg4 Rad8 20. d5 Qf8 21. Qe4
Ne7 22. Bd3 f5 23. Qe5 Nxd5 24. Bxf5 exf5 25. Nxf5 Rc6 0-1

[Event "Qatar Masters Open 2015"]
[Site "Doha QAT"]
[Date "2015.12.28"]
[Round "8"]
[White "Kramnik, Vladimir"]
[Black "Sjugirov, Sanan"]
[Result "1-0"]
[WhiteElo "2796"]
[BlackElo "2646"]
[PlyCount "111"]
[EventDate "2015.12.20"]

1. Nf3 d5 2. d4 Nf6 3. Bf4 c5 4. e3 Nc6 5. Nbd2 cxd4 6. exd4 Bf5 7. c3 e6 8.
Qb3 Qc8 9. Nh4 Bg6 10. Nxg6 hxg6 11. Bd3 Nh5 12. Be3 Bd6 13. O-O-O a6 14. Kb1
b5 15. Qc2 Na5 16. Nf3 Nc4 17. Bc1 Qc7 18. Ng5 Nf4 19. Bf1 O-O-O 20. a4 Qb7 21.
axb5 axb5 22. b3 Na5 23. Qa2 Nc6 24. g3 Nh5 25. Bd3 Kb8 26. Qe2 Na7 27. Bd2 Rc8
28. Kb2 Rc6 29. Ra1 Rf8 30. Ra2 Ra6 31. Rxa6 Qxa6 32. Ra1 Qb7 33. b4 Nf6 34.
Ra5 Bc7 35. Bf4 Bxf4 36. gxf4 Qc7 37. Bxb5 Qxf4 38. Nf3 Ne4 39. Ne5 Rh8 40.
Nc6+ Nxc6 41. Bxc6 Nxc3 42. Kxc3 Rh3+ 43. Kc2 Qxd4 44. Qb5+ Kc7 45. Qb7+ Kd6
46. Qb8+ Ke7 47. Qa7+ Qxa7 48. Rxa7+ Kd6 49. Ba4 Rh4 50. Kb3 Rh3+ 51. Kb2 Rh4
52. Rd7+ Ke5 53. Ka3 Kd4 54. Rxf7 Rxh2 55. b5 Kc5 56. Rc7+ 1-0

[Event "Qatar Masters Open 2015"]
[Site "Doha QAT"]
[Date "2015.12.28"]
[Round "8"]
[White "Giri, Anish"]
[Black "Ponomariov, Ruslan"]
[Result "1/2-1/2"]
[WhiteElo "2784"]
[BlackElo "2710"]
[PlyCount "77"]
[EventDate "2015.12.20"]

1. e4 e5 2. Nf3 Nc6 3. Bb5 Nf6 4. d3 Bc5 5. c3 O-O 6. O-O Re8 7. Bg5 h6 8. Bh4
a6 9. Ba4 b5 10. Bb3 Be7 11. a4 b4 12. Bg3 d6 13. a5 Be6 14. Bxe6 fxe6 15. Nbd2
Rb8 16. d4 bxc3 17. bxc3 exd4 18. cxd4 Rb5 19. Qc2 Nb4 20. Qb3 d5 21. Rfc1 c6
22. Ne5 Rxa5 23. Ng6 Rxa1 24. Rxa1 Qb6 25. Be5 a5 26. Nxe7+ Rxe7 27. Bxf6 gxf6
28. Qc3 Kf7 29. h4 e5 30. dxe5 Rxe5 31. Rb1 Qb5 32. Qe3 dxe4 33. Qxh6 Rh5 34.
Qf4 Qe5 35. Qg4 e3 36. fxe3 Qxe3+ 37. Kh1 Rd5 38. Nf3 Qe6 39. Qg3 1/2-1/2

[Event "Qatar Masters Open 2015"]
[Site "Doha QAT"]
[Date "2015.12.28"]
[Round "8"]
[White "So, Wesley"]
[Black "Lin, Chen"]
[Result "1/2-1/2"]
[WhiteElo "2775"]
[BlackElo "2532"]
[PlyCount "263"]
[EventDate "2015.12.20"]

1. d4 d5 2. c4 c6 3. Nf3 Nf6 4. Nc3 a6 5. e3 Bf5 6. Qb3 Ra7 7. Nh4 Bg6 8. Nxg6
hxg6 9. g3 e6 10. Bg2 Be7 11. Bd2 Nbd7 12. Ne2 O-O 13. Qc2 Ra8 14. O-O Rc8 15.
Rac1 Re8 16. Rfd1 Bf8 17. a4 a5 18. Qb3 Rb8 19. h3 Bd6 20. Be1 Bc7 21. Qc2 Qe7
22. Nf4 g5 23. Nd3 Ne4 24. b4 axb4 25. Nxb4 Ndf6 26. a5 Bxa5 27. Nxd5 exd5 28.
Bxa5 dxc4 29. Bxe4 Nxe4 30. Qxc4 g4 31. hxg4 Qg5 32. Bc7 Rbc8 33. Bf4 Qxg4 34.
Kg2 Ng5 35. Bxg5 Qxg5 36. d5 Qf5 37. d6 Re6 38. Rd4 Rh6 39. g4 Qe6 40. Qxe6
Rxe6 41. Rb1 Rd8 42. Rxb7 Rexd6 43. Rc4 Rf6 44. Kg3 Rd1 45. Rb2 g6 46. Rbc2
Rdd6 47. f4 Rd3 48. Re4 Rfd6 49. Kf3 Rd2 50. Rc3 R2d3 51. Rcc4 Kf8 52. Re5 R3d5
53. Rxc6 Rxe5 54. Rxd6 Ra5 55. Rd3 Ra1 56. Rd8+ Ke7 57. Rg8 Rf1+ 58. Kg2 Re1
59. Kf2 Ra1 60. Rb8 Ke6 61. Rh8 Ke7 62. Rg8 Kd7 63. Rf8 Ke7 64. Rh8 Rb1 65. Ra8
Rc1 66. g5 Rb1 67. e4 Rb3 68. Kg2 Re3 69. Ra4 Rb3 70. Kf2 Rc3 71. Ra6 Rb3 72.
Rf6 Kf8 73. Ke2 Kg7 74. Rd6 Ra3 75. Rd3 Ra1 76. Ke3 Re1+ 77. Kd4 Rf1 78. Ke5
Rg1 79. Kd6 Rf1 80. Ke5 Rg1 81. Rd4 Rf1 82. Rd7 Rg1 83. Rb7 Rd1 84. Rb4 Rf1 85.
Rd4 Rf2 86. Rd1 Rg2 87. Rd6 Rg1 88. Rf6 Rd1 89. Rb6 Rg1 90. Rb7 Rf1 91. Rb4 Rd1
92. Rd4 Rf1 93. Rd2 Rg1 94. Rf2 Rd1 95. Rc2 Rf1 96. Rd2 Rg1 97. Kd4 Rf1 98. Ke3
Re1+ 99. Re2 Rf1 100. e5 Ra1 101. Rd2 Ra7 102. Ke4 Ra4+ 103. Rd4 Ra7 104. Kd5
Ra1 105. Kd6 Kf8 106. Kd7 Ra7+ 107. Kd8 Ra8+ 108. Kc7 Ra7+ 109. Kc6 Ra1 110.
Rd8+ Kg7 111. Rd7 Kf8 112. Rd6 Kg7 113. Kd7 Ra4 114. Rf6 Ra7+ 115. Kd6 Ra6+
116. Kc5 Ra5+ 117. Kb4 Ra1 118. Rd6 Rf1 119. Rd4 Kf8 120. Kc5 Ra1 121. Rd8+ Kg7
122. e6 fxe6 123. Kd6 Rd1+ 124. Ke7 Rf1 125. Rd4 Re1 126. Rd7 Re4 127. Ke8+ Kg8
128. Rf7 e5 129. Rf8+ Kg7 130. Rf7+ Kg8 131. Rf8+ Kg7 132. Rf7+ 1/2-1/2

[Event "Qatar Masters Open 2015"]
[Site "Doha QAT"]
[Date "2015.12.28"]
[Round "8"]
[White "Nguyen, Ngoc Truong Son"]
[Black "Karjakin, Sergey"]
[Result "1/2-1/2"]
[WhiteElo "2642"]
[BlackElo "2766"]
[PlyCount "62"]
[EventDate "2015.12.20"]

1. e4 e5 2. Nf3 Nc6 3. Bb5 Nf6 4. O-O Nxe4 5. d4 Nd6 6. Bxc6 dxc6 7. dxe5 Nf5
8. Qxd8+ Kxd8 9. h3 Ke8 10. Nc3 h5 11. Bf4 Be7 12. Rad1 Be6 13. Ng5 Rh6 14. g3
Bxg5 15. Bxg5 Rg6 16. h4 f6 17. exf6 gxf6 18. Bf4 Nxh4 19. f3 Nf5 20. Kf2 Rc8
21. Rh1 Ng7 22. Ne2 Kf7 23. Nd4 a6 24. Nxe6 Nxe6 25. Rd7+ Kg8 26. Rxh5 Nxf4 27.
gxf4 Rg7 28. Rd1 Kf7 29. Rd7+ Kg8 30. Rd1 Kf7 31. Rd7+ Kg8 1/2-1/2

[Event "Qatar Masters Open 2015"]
[Site "Doha QAT"]
[Date "2015.12.28"]
[Round "8"]
[White "Ni, Hua"]
[Black "Harikrishna, Pentala"]
[Result "1/2-1/2"]
[WhiteElo "2693"]
[BlackElo "2743"]
[PlyCount "68"]
[EventDate "2015.12.20"]

1. d4 Nf6 2. c4 e6 3. Nc3 Bb4 4. Nf3 b6 5. e3 O-O 6. Bd3 d5 7. cxd5 exd5 8. O-O
Ba6 9. Bxa6 Nxa6 10. Qd3 Qc8 11. Bd2 Re8 12. a3 Bf8 13. b4 Qb7 14. Rfc1 Rac8
15. Ne5 c5 16. bxc5 Nxc5 17. dxc5 Rxe5 18. cxb6 axb6 19. Nb5 Ree8 20. Bb4 Rxc1+
21. Rxc1 Rc8 22. Rxc8 Qxc8 23. Bxf8 Kxf8 24. Qb1 Qc5 25. Qb4 Ke7 26. f3 Kd7 27.
Nd4 Qxb4 28. axb4 Ne8 29. Kf2 Nc7 30. Ke2 Na6 31. Nc2 Kc6 32. Nd4+ Kd7 33. Nc2
Kc6 34. Nd4+ Kd7 1/2-1/2

[Event "Qatar Masters Open 2015"]
[Site "Doha QAT"]
[Date "2015.12.28"]
[Round "8"]
[White "Grandelius, Nils"]
[Black "Yu, Yangyi"]
[Result "0-1"]
[WhiteElo "2632"]
[BlackElo "2736"]
[PlyCount "64"]
[EventDate "2015.12.20"]

1. d4 Nf6 2. c4 e6 3. Nc3 Bb4 4. Qc2 d5 5. cxd5 exd5 6. Bg5 h6 7. Bh4 c5 8.
dxc5 g5 9. Bg3 Ne4 10. Nf3 Qa5 11. Nd2 Nxc3 12. bxc3 Bxc3 13. Rb1 Nc6 14. e3
Bb4 15. h4 gxh4 16. Rxh4 Qxc5 17. Qa4 Ba5 18. Bb5 Bd7 19. Qf4 Qc2 20. Bxc6
Qxd2+ 21. Kf1 Qd3+ 22. Kg1 Qxb1+ 23. Kh2 Bxc6 24. Qe5+ Kd7 25. e4 Rhe8 26. Qf5+
Kd8 27. Qxf7 Bd7 28. Qf6+ Kc8 29. exd5 b6 30. Rc4+ Kb7 31. Rc7+ Ka6 32. Rxd7
Re1 0-1

[Event "Qatar Masters Open 2015"]
[Site "Doha QAT"]
[Date "2015.12.28"]
[Round "8"]
[White "Swiercz, Dariusz"]
[Black "Vitiugov, Nikita"]
[Result "1/2-1/2"]
[WhiteElo "2646"]
[BlackElo "2724"]
[PlyCount "60"]
[EventDate "2015.12.20"]

1. d4 Nf6 2. c4 e6 3. Nf3 b6 4. g3 Bb7 5. Bg2 Be7 6. O-O O-O 7. Re1 Na6 8. Nc3
Ne4 9. Bf4 d6 10. Qc2 Nb4 11. Qb3 Nxc3 12. Qxc3 c5 13. a3 Nc6 14. d5 Nd4 15.
Nxd4 cxd4 16. Qb3 e5 17. Bd2 Bg5 18. Bxg5 Qxg5 19. e3 dxe3 20. Rxe3 Bc8 21. Qb5
Qd8 22. Qc6 Bf5 23. b4 Rc8 24. Qb5 a5 25. Rc1 Bd7 26. Qa6 Ra8 27. Qb7 Rb8 28.
Qa6 Ra8 29. Qb7 Rb8 30. Qa6 Ra8 1/2-1/2

[Event "Qatar Masters Open 2015"]
[Site "Doha QAT"]
[Date "2015.12.28"]
[Round "8"]
[White "Ivanchuk, Vassily"]
[Black "Akopian, Vladimir"]
[Result "1/2-1/2"]
[WhiteElo "2710"]
[BlackElo "2648"]
[PlyCount "61"]
[EventDate "2015.12.20"]

1. e4 c5 2. Nf3 e6 3. g3 Nc6 4. Bg2 Nf6 5. d3 d6 6. O-O Be7 7. Re1 O-O 8. Nbd2
Qc7 9. c3 b6 10. a3 Ne5 11. Nxe5 dxe5 12. a4 Ba6 13. Nc4 Bxc4 14. dxc4 Rad8 15.
Qc2 a5 16. Bf1 Ne8 17. Bd3 Qd7 18. Bf1 Qc7 19. Qe2 Nd6 20. Qh5 Ne8 21. Qe2 Nd6
22. Bg2 Kh8 23. Rd1 Nc8 24. Be3 Rxd1+ 25. Rxd1 Rd8 26. Re1 Kg8 27. Qc2 Rd7 28.
h4 Qd8 29. Qe2 Nd6 30. Bc1 g6 31. Bf3 1/2-1/2

[Event "Qatar Masters Open 2015"]
[Site "Doha QAT"]
[Date "2015.12.28"]
[Round "8"]
[White "Xu, Yinglun"]
[Black "Howell, David W L"]
[Result "1/2-1/2"]
[WhiteElo "2470"]
[BlackElo "2688"]
[PlyCount "60"]
[EventDate "2015.12.20"]

1. d4 Nf6 2. c4 e6 3. Nf3 b6 4. g3 Ba6 5. Qa4 Bb7 6. Bg2 c5 7. dxc5 bxc5 8. O-O
Be7 9. Nc3 O-O 10. Rd1 d6 11. Bf4 Qb6 12. Rd2 Rd8 13. Rad1 h6 14. Qb3 Ne8 15.
e4 g5 16. Be3 Nc6 17. Qxb6 axb6 18. b3 Nc7 19. h4 f6 20. e5 fxe5 21. hxg5 Nd4
22. Nxd4 exd4 23. Bxb7 Rab8 24. Bg2 dxe3 25. fxe3 Bxg5 26. Rxd6 Bxe3+ 27. Kh2
Bd4 28. Rxd8+ Rxd8 29. Ne4 Kf7 30. Kh3 Ke7 1/2-1/2

[Event "Qatar Masters Open 2015"]
[Site "Doha QAT"]
[Date "2015.12.28"]
[Round "8"]
[White "Li, Chao b"]
[Black "Vidit, Santosh Gujrathi"]
[Result "1/2-1/2"]
[WhiteElo "2750"]
[BlackElo "2644"]
[PlyCount "128"]
[EventDate "2015.12.20"]

1. Nf3 c5 2. e4 Nc6 3. Nc3 e5 4. Bc4 Be7 5. d3 Nf6 6. O-O O-O 7. a3 d6 8. h3 a6
9. Nd5 Nxd5 10. Bxd5 Be6 11. c3 Bxd5 12. exd5 Nb8 13. b4 Nd7 14. Be3 Qc7 15.
Qb3 b5 16. a4 Rfb8 17. Nd2 cxb4 18. cxb4 Qb7 19. Ne4 a5 20. Rfc1 axb4 21. a5
Ra6 22. Qxb4 f5 23. Nc3 Bd8 24. Rcb1 Qa8 25. Nxb5 Qxd5 26. Qc4 Qxc4 27. dxc4
Rba8 28. Rd1 f4 29. Bd2 Bxa5 30. Bxa5 Rxa5 31. Rab1 Nf6 32. Nxd6 e4 33. Nb7
R5a6 34. c5 e3 35. fxe3 fxe3 36. Re1 Re6 37. Rbd1 Rc8 38. Rd3 Re7 39. Rb3 Rcc7
40. Nd6 g6 41. Rbxe3 Rxe3 42. Rxe3 Rxc5 43. Re6 Rc1+ 44. Kf2 Kg7 45. Re7+ Kg8
46. Nf7 Kf8 47. Ra7 Rd1 48. Ng5 Kg8 49. g4 Rd5 50. Ne6 Rd7 51. Ra6 Rd6 52. Ra8+
Kf7 53. Ng5+ Kg7 54. Ra7+ Rd7 55. Ra6 h6 56. Nf3 g5 57. Ra4 Rd3 58. h4 gxh4 59.
Nxh4 Rd5 60. Nf5+ Kf7 61. Ne3 Re5 62. Kf3 h5 63. Kf4 Rc5 64. Ra7+ Kg6 1/2-1/2

[Event "Qatar Masters Open 2015"]
[Site "Doha QAT"]
[Date "2015.12.28"]
[Round "8"]
[White "Lenderman, Aleksandr"]
[Black "Tomashevsky, Evgeny"]
[Result "1/2-1/2"]
[WhiteElo "2626"]
[BlackElo "2744"]
[PlyCount "88"]
[EventDate "2015.12.20"]

1. d4 d5 2. c4 e6 3. Nc3 c6 4. Nf3 dxc4 5. e3 b5 6. a4 Bb4 7. Bd2 a5 8. axb5
Bxc3 9. Bxc3 cxb5 10. b3 Bb7 11. bxc4 b4 12. Bb2 Nf6 13. Bd3 O-O 14. O-O Nbd7
15. Nd2 e5 16. d5 Re8 17. f4 Qe7 18. Bc2 Qd6 19. Kh1 e4 20. Ba4 Rec8 21. Bxd7
Nxd7 22. Qg4 Nf6 23. Nxe4 Nxg4 24. Nxd6 Nxe3 25. Rfc1 Rcb8 26. Bd4 b3 27. Rab1
Nc2 28. Rxb3 Nxd4 29. Rxb7 Rxb7 30. Nxb7 a4 31. d6 Kf8 32. d7 Nc6 33. Re1 g6
34. c5 a3 35. Nd6 Rd8 36. Ra1 Ra8 37. Ra2 Ke7 38. Nc8+ Kd8 39. Nb6 Ra5 40. g3
Kc7 41. Nc4 Rxc5 42. Nxa3 Kxd7 43. Rc2 Rxc2 44. Nxc2 Ke6 1/2-1/2

[Event "Qatar Masters Open 2015"]
[Site "Doha QAT"]
[Date "2015.12.28"]
[Round "8"]
[White "Jakovenko, Dmitry"]
[Black "Naroditsky, Daniel"]
[Result "1/2-1/2"]
[WhiteElo "2737"]
[BlackElo "2628"]
[PlyCount "119"]
[EventDate "2015.12.20"]

1. Nf3 Nf6 2. c4 e6 3. g3 d5 4. d4 Be7 5. Bg2 O-O 6. O-O dxc4 7. Qc2 a6 8. Qxc4
b5 9. Qc2 Bb7 10. Bd2 Be4 11. Qc1 c6 12. Rd1 Nbd7 13. Nc3 Bg6 14. a3 Nd5 15. b4
Nxc3 16. Qxc3 Be4 17. Bf1 Nb6 18. Ne5 Na4 19. Qe3 Bd5 20. Rdc1 Rc8 21. Rc2 f6
22. Nd3 Nb6 23. Nc5 e5 24. Bh3 Nc4 25. Rxc4 Bxc4 26. Bxc8 Bxc5 27. bxc5 exd4
28. Be6+ Kh8 29. Qe4 Re8 30. Ba5 Qe7 31. Qxc6 Qxe6 32. Qxe6 Rxe6 33. Rd1 Bxe2
34. Rxd4 h5 35. Kg2 Bc4 36. Bc7 Re1 37. Bf4 g5 38. Be3 Be2 39. f4 Bc4 40. Bd2
Re2+ 41. Kg1 gxf4 42. Bxf4 Be6 43. c6 Rc2 44. c7 Kg7 45. h4 Kf7 46. Rd8 Rc6 47.
Ra8 Bg4 48. Kf2 Rc2+ 49. Ke3 Rc3+ 50. Kd2 Rc6 51. Rb8 Ke7 52. Rh8 Kf7 53. Kd3
Ke7 54. Ra8 Bf5+ 55. Kd2 Rc2+ 56. Ke1 Rc6 57. Rh8 Bg4 58. Rh7+ Ke6 59. Bd2 Kd5
60. Re7 1/2-1/2

[Event "Qatar Masters Open 2015"]
[Site "Doha QAT"]
[Date "2015.12.28"]
[Round "8"]
[White "Wei, Yi"]
[Black "Ipatov, Alexander"]
[Result "1/2-1/2"]
[WhiteElo "2730"]
[BlackElo "2619"]
[PlyCount "93"]
[EventDate "2015.12.20"]

1. e4 e5 2. Nf3 Nc6 3. Bb5 Nf6 4. d3 d6 5. O-O Bd7 6. Re1 g6 7. d4 Bg7 8. d5
Ne7 9. Bxd7+ Nxd7 10. c4 h6 11. b4 f5 12. Nc3 a5 13. bxa5 O-O 14. Rb1 Nc5 15.
Be3 Rxa5 16. Bxc5 Rxc5 17. Rxb7 Rxc4 18. Qd3 Rc5 19. Nd2 Qa8 20. Reb1 h5 21.
R7b4 Bh6 22. f3 h4 23. h3 Bf4 24. Kh1 Qa3 25. Nc4 fxe4 26. fxe4 Qa6 27. Na4 Ra5
28. Nc3 Rc5 29. Na4 Ra5 30. Qb3 Bg3 31. Qd1 c5 32. dxc6 Nxc6 33. Qg4 Rf6 34.
Qg5 Nxb4 35. Qxf6 Qxc4 36. Qxg6+ Kh8 37. Qh6+ Kg8 38. Qg6+ Kh8 39. Qf6+ Kh7 40.
Qe7+ Kh6 41. Qf8+ Kg6 42. Qxd6+ Kh5 43. Qd1+ Kh6 44. Qd6+ Kh5 45. Qd1+ Kh6 46.
Qd2+ Kh5 47. Qd1+ 1/2-1/2

[Event "Qatar Masters Open 2015"]
[Site "Doha QAT"]
[Date "2015.12.28"]
[Round "8"]
[White "Wojtaszek, Radoslaw"]
[Black "Bartel, Mateusz"]
[Result "1-0"]
[WhiteElo "2723"]
[BlackElo "2620"]
[PlyCount "89"]
[EventDate "2015.12.20"]

1. d4 e6 2. c4 Bb4+ 3. Nd2 Nf6 4. Ngf3 O-O 5. a3 Be7 6. e4 d6 7. Be2 Nbd7 8.
Qc2 c5 9. O-O cxd4 10. Nxd4 Qc7 11. Nb5 Qb8 12. b4 b6 13. Bb2 Bb7 14. Bd4 Rc8
15. Nc3 d5 16. exd5 exd5 17. Qf5 Bd6 18. Nxd5 Nxd5 19. cxd5 Bxh2+ 20. Kh1 Be5
21. Nf3 Bxd4 22. Nxd4 Nf6 23. Bf3 Rc4 24. Rad1 Qd6 25. Kg1 a6 26. Rfe1 b5 27.
Nc6 Kf8 28. Na5 Rc7 29. Nxb7 Rxb7 30. Rc1 Qd7 31. Qc2 Rd8 32. Qc5+ Kg8 33. d6
Rbb8 34. Rcd1 Rdc8 35. Qd4 Rc4 36. Qd3 Re8 37. Rxe8+ Nxe8 38. Qe3 Nf6 39. Qb6
Rc8 40. Qxa6 g5 41. Qb7 Qf5 42. d7 Rd8 43. Bc6 Qc2 44. Rf1 Qd2 45. Qc7 1-0

[Event "Qatar Masters Open 2015"]
[Site "Doha QAT"]
[Date "2015.12.28"]
[Round "8"]
[White "Bok, Benjamin"]
[Black "Korobov, Anton"]
[Result "1/2-1/2"]
[WhiteElo "2594"]
[BlackElo "2713"]
[PlyCount "180"]
[EventDate "2015.12.20"]

1. d4 Nf6 2. c4 e6 3. Nf3 d5 4. g3 dxc4 5. Bg2 Bb4+ 6. Bd2 a5 7. Qc2 b5 8. a4
bxa4 9. Rxa4 Nc6 10. Qxc4 Bd7 11. Ra1 Rb8 12. O-O O-O 13. Rc1 Bxd2 14. Nbxd2
Rxb2 15. Nb3 Qb8 16. Nfd2 Nb4 17. Rxa5 Na2 18. Ra1 Nb4 19. Rc1 Na2 20. Rc2 Rxc2
21. Qxc2 Nb4 22. Qc5 Nbd5 23. Bf3 Rd8 24. Kg2 h6 25. Qa3 Bc6 26. Rc5 Bb5 27. e4
Nb4 28. Qa5 Ba6 29. Rxc7 Nd3 30. Rc3 Ne1+ 31. Kg1 Nxf3+ 32. Rxf3 Be2 33. Rc3
Rd7 34. Qc5 Kh7 35. Rc1 g5 36. Qc3 Qd8 37. Qe3 Bh5 38. Nf3 Rc7 39. Rxc7 Qxc7
40. Nc5 Qa7 41. Kg2 Qa1 42. Nb3 Qd1 43. Nbd2 Bg6 44. h4 g4 45. Ne5 Kg7 46. Nxg6
Kxg6 47. d5 exd5 48. exd5 Qc2 49. Qd4 Qf5 50. d6 h5 51. Nc4 Nd7 52. Ne3 Qe5 53.
Qd3+ Kg7 54. Qb1 Kf6 55. Qd3 Kg7 56. Kh2 Qf6 57. Nf5+ Kg6 58. Ne7+ Kg7 59. Nf5+
Kg6 60. Ne7+ Kg7 61. Kg2 Ne5 62. Nf5+ Kg6 63. Ne7+ Kg7 64. Qe4 Qf3+ 65. Qxf3
gxf3+ 66. Kf1 Kf6 67. Nd5+ Ke6 68. Nf4+ Kxd6 69. Nxh5 Ke6 70. Nf4+ Kf5 71. Ke1
Ke4 72. Nh3 f6 73. Nf4 Ng4 74. Nh5 Ke5 75. Nf4 Ke4 76. Ne6 Kd5 77. Nc7+ Ke5 78.
Na6 Kd4 79. Nb4 f5 80. Nc2+ Ke4 81. Ne3 Nf6 82. Nc4 f4 83. Nd2+ Kf5 84. Nxf3
fxg3 85. fxg3 Kg4 86. Kf2 Ne4+ 87. Kg2 Nxg3 88. Kf2 Nf5 89. Kg2 Nxh4+ 90. Nxh4
Kxh4 1/2-1/2

[Event "Zurich Christmas Open 2015"]
[Site "Zurich SUI"]
[Date "2015.12.26"]
[Round "1"]
[White "Derakhshani, Borna"]
[Black "Naiditsch, Arkadij"]
[Result "0-1"]
[WhiteElo "2176"]
[BlackElo "2698"]
[PlyCount "56"]
[EventDate "2015.12.26"]

1. e4 c5 2. Nf3 Nc6 3. d4 cxd4 4. Nxd4 Qb6 5. Nb3 Nf6 6. Nc3 e6 7. Be3 Qc7 8.
f4 Bb4 9. Qf3 d5 10. e5 Ne4 11. Bd2 Nxd2 12. Nxd2 Bd7 13. Nb5 Qb6 14. c3 Be7
15. Nb3 Nxe5 16. fxe5 Bxb5 17. Bxb5+ Qxb5 18. Nd4 Qa6 19. Qg4 O-O 20. h4 Rac8
21. Rh3 f5 22. Qf4 Bc5 23. Nb3 Bb6 24. Nd2 d4 25. cxd4 Rc2 26. Rg3 Ba5 27. Rd1
Rxb2 28. Qh6 Bxd2+ 0-1

[Event "Zurich Christmas Open 2015"]
[Site "Zurich SUI"]
[Date "2015.12.27"]
[Round "2"]
[White "Naiditsch, Arkadij"]
[Black "Fuchs, Judith"]
[Result "1-0"]
[WhiteElo "2698"]
[BlackElo "2324"]
[PlyCount "85"]
[EventDate "2015.12.26"]

1. d4 Nf6 2. Nf3 g6 3. Bf4 Bg7 4. e3 d6 5. Be2 O-O 6. O-O Nbd7 7. h3 c5 8. c4
Qb6 9. Qc2 Nb8 10. Nc3 cxd4 11. exd4 Nc6 12. Be3 Bf5 13. Qd2 Qd8 14. d5 Nb8 15.
Nd4 Qc8 16. Rfe1 Na6 17. Bh6 Re8 18. Bxg7 Kxg7 19. Bf1 Nc5 20. b4 Nce4 21. Nxe4
Nxe4 22. Qb2 Nf6 23. g4 Bd7 24. g5 Bxh3 25. Bxh3 Qxh3 26. Re3 Qg4+ 27. Rg3 Qe4
28. gxf6+ exf6 29. Nb5 Rad8 30. Qd4 Qf5 31. Nc3 Re5 32. Kg2 h5 33. Rh1 Kh6 34.
Qh4 Kg7 35. c5 Qc2 36. c6 bxc6 37. dxc6 d5 38. Qd4 a6 39. a4 Qb2 40. b5 Re4 41.
Qb6 Rf4 42. Nd1 Qe5 43. Qxd8 1-0

[Event "Zurich Christmas Open 2015"]
[Site "Zurich SUI"]
[Date "2015.12.27"]
[Round "3"]
[White "Studer, Noel"]
[Black "Naiditsch, Arkadij"]
[Result "0-1"]
[WhiteElo "2404"]
[BlackElo "2698"]
[PlyCount "78"]
[EventDate "2015.12.26"]

1. e4 e5 2. Nf3 Nc6 3. Bb5 a6 4. Ba4 Nf6 5. O-O Be7 6. Re1 b5 7. Bb3 d6 8. c3
O-O 9. d4 Bg4 10. Be3 exd4 11. cxd4 Na5 12. Bc2 c5 13. dxc5 dxc5 14. h3 Bh5 15.
Nc3 Nc4 16. e5 Nxe5 17. g4 Nxf3+ 18. Qxf3 Bg6 19. Rad1 Qc8 20. Bxg6 fxg6 21.
Nd5 Nxd5 22. Qxd5+ Rf7 23. Rc1 c4 24. Bb6 Bb4 25. Re6 Qb7 26. Rd1 Qxd5 27. Rxd5
Re7 28. Rc6 Re2 29. Bd4 Rd2 30. Kg2 Bf8 31. Kf3 Rd3+ 32. Ke4 Rxh3 33. Rd7 Rd3
34. Kd5 Re8 35. g5 Re2 36. Rcc7 Rxb2 37. Kc6 Rbd2 38. Rxg7+ Bxg7 39. Rxg7+ Kf8
0-1

[Event "Al Ain Classic Open 2015"]
[Site "Al-Ain UAE"]
[Date "2015.12.28"]
[Round "7"]
[White "Kryvoruchko, Yuriy"]
[Black "Zeng, Chongsheng"]
[Result "1-0"]
[WhiteElo "2711"]
[BlackElo "2530"]
[PlyCount "117"]
[EventDate "2015.12.23"]

1. e4 c5 2. Nf3 e6 3. d4 cxd4 4. Nxd4 Qb6 5. Nb5 a6 6. Be3 Qa5+ 7. N5c3 Nc6 8.
Nd2 Qc7 9. Bd3 Nf6 10. a4 Ne5 11. a5 Bc5 12. Bxc5 Qxc5 13. Be2 d6 14. Nb3 Qc7
15. Qd4 Bd7 16. O-O-O Rc8 17. Qxd6 Qxd6 18. Rxd6 Rxc3 19. bxc3 Nxe4 20. Rd4
Nxc3 21. Re1 Nc6 22. Rd3 Nxe2+ 23. Rxe2 Ke7 24. f4 Rc8 25. Re4 Na7 26. f5 Nb5
27. fxe6 Bxe6 28. Re5 Rc4 29. Rc5 Ra4 30. Kb2 h6 31. g3 g5 32. Re5 Kf6 33. Re1
Na7 34. Nc5 Rb4+ 35. Kc1 Nc6 36. Nxe6 fxe6 37. Rd6 Ne5 38. Rb6 Rxb6 39. axb6
Nd7 40. Re3 e5 41. Rc3 Kf5 42. Rc7 Nxb6 43. Rxb7 Nc4 44. Rc7 Ne3 45. c4 Ke4 46.
Kd2 a5 47. Kc3 Nd1+ 48. Kb3 Nf2 49. Rd7 Nd3 50. Kc3 Nc5 51. Rd5 Ne6 52. Rxa5 h5
53. Ra6 Nd4 54. Rh6 Ke3 55. Rxh5 e4 56. Rxg5 Ne2+ 57. Kb4 Nd4 58. Rd5 Kd3 59.
Kc5 1-0